00823nam a2200193Ia 4500008004100000020001800041050002100059100002300080245010000103260002100203300002000224440001900244500005400263504005600317650007100373700005300444952011500497999001700612120625s9999 xx 000 0 und d a84-344-6579-5 aHX240.7 B52 1996 aBiagini, Antonello aMedio siglo de socialismo real / Antonello Biagini y Francesco Guida; tr. de francisco J. Ramos aEspaña : Ariel a237 p. ; 22 cm. aAriel historia aTraducción de: Mezzo secolo di socialismo reale aIncluye referencias bibliográficas (p. [225]-234) a1. Socialismo - Europa Oriental 2. Comunismo - Europa Oriental  aGuida, Francesco \Ramos, Francisco J., tr. Ì 00102lcc4070a04b04d2012-05-24l1oHX240.7 B52 1996p05 001222r2023-05-12s2022-10-17t1w2012-06-24yLB c63514d63514